Housing and the economy (Record no. 108722)
[ view plain ]
| 000 -LEADER | |
|---|---|
| fixed length control field | 01232cad a22002655a 4500 |
| 001 - CONTROL NUMBER | |
| control field | L145197 |
| 008 - FIXED-LENGTH DATA ELEMENTS--GENERAL INFORMATION | |
| fixed length control field | 080915s2008 xxkdo f 000 0 eng d |
| 035 ## - SYSTEM CONTROL NUMBER | |
| System control number | (Sirsi) u145197 |
| 041 0# - LANGUAGE CODE | |
| Language code of text/sound track or separate title | eng |
| 050 04 - LIBRARY OF CONGRESS CALL NUMBER | |
| Classification number | 306.1 $2 18 |
| 100 1# - MAIN ENTRY--PERSONAL NAME | |
| Personal name | Davis, Sarah |
| 245 00 - TITLE STATEMENT | |
| Title | Housing and the economy |
| Medium | [electronic resource] |
| 260 ## - PUBLICATION, DISTRIBUTION, ETC. | |
| Place of publication, distribution, etc. | Coventry |
| Name of publisher, distributor, etc. | CIH |
| Date of publication, distribution, etc. | 2008 |
| 505 2# - FORMATTED CONTENTS NOTE | |
| Formatted contents note | Who is this briefing paper for? -- The policy context for housing and economic development -- Developing a framework -- Making it work |
| 520 ## - SUMMARY, ETC. | |
| Summary, etc. | Policy paper that aims to support local authorities and partners in forging strong and effective links between the housing and economic agendas. The authors also propose a framework that would develop and integrate strategies to maximise the effectiveness of their impacts at local; sub regional and regional levels. |
| 521 ## - TARGET AUDIENCE NOTE | |
| Target audience note | Advanced |
| 590 ## - LOCAL NOTE (RLIN) | |
| Local note | KA |
| 651 #4 - SUBJECT ADDED ENTRY--GEOGRAPHIC NAME | |
| Geographic name | United Kingdom |
| Chronological subdivision | |
| 690 ## - LOCAL SUBJECT ADDED ENTRY--TOPICAL TERM (OCLC, RLIN) | |
| Topical term or geographic name as entry element | PROPERTY-RESIDENTIAL PROPERTY-RESIDENTIAL PROPERTY MARKET |
| 700 1# - ADDED ENTRY--PERSONAL NAME | |
| Personal name | Simpson, Merron |
| 700 1# - ADDED ENTRY--PERSONAL NAME | |
| Personal name | Willey, Martin |
| 710 1# - ADDED ENTRY--CORPORATE NAME | |
| Corporate name or jurisdiction name as entry element | East Midlands Development Agency |
| 9 (RLIN) | 4153 |
| 856 40 - ELECTRONIC LOCATION AND ACCESS | |
| Uniform Resource Identifier | <a href="https://www.cih.org/policy/free-publications.htm">https://www.cih.org/policy/free-publications.htm</a> |
| Public note | View the item free of charge online at www.cih.org.uk... |
| 942 ## - ADDED ENTRY ELEMENTS (KOHA) | |
| Suppress in OPAC | 0 |
| Withdrawn status | Lost status | Source of classification or shelving scheme | Damaged status | Not for loan | Home library | Current library | Shelving location | Date acquired | Total Checkouts | Full call number | Barcode | Date last seen | Copy number | Price effective from | Koha item type |
|---|---|---|---|---|---|---|---|---|---|---|---|---|---|---|---|
| Dewey Decimal Classification | Virtual | Virtual | Online | 15/09/2008 | ONLINE PUBLICATION | 145197-1001 | 06/08/2019 | 1 | 06/08/2019 | Book |